000 00592nam a2200169 a 4500
008 100803s2006 ||||||||||||||||| || u
020 _a9780813805894
050 _aSF 996.4 Wob
100 _aWobeser, Gary A
245 1 0 _aEssentials of disease in wild animals
260 _aOxford:
_bBlackwell Publishing
_c2006
300 _axi, 243p.: ill
350 _a0.00
650 _aANIMALS
650 _aWILDLIFE DISEASES
995 _D0.00
_FCBU-MAIN LIBRARY (Kitwe)
_H1
_I0.00
_M1
_UAVAILABLE
_WAug 24, 2010
_ZMain Library Open Access Collection
999 _c42424
_d42424